000 00333 a2200157 4500
001 62664
020 _a8532237835
040 _cAnchieta - Pituba
100 _aBonjorno, José Roberto
240 1 0 _aTemas de física 3
_lpor
245 1 0 _aTemas de física 3
300 _a367
362 0 _a1997
650 4 _aFísica
942 _cBK
999 _c62664
_d62664